000 00879nam a22002295i 4500
001 168737
003 ES-MaACL
005 20230906213855.0
008 080528s2007 sp |||| | spa d
020 _a0353-9660(ISSN)
080 _a860(7/8)
245 0 0 _aJulio Rodríguez Puértolas
_b: la literatura en el tiempo /
_cDepartamento de la Lengua y Literatura Españolas. Universidad de Ljubljana.
260 _aLjubljana :
_bFacultad de Filosofía y Letras,
_c2007.
300 _a286 p. ;
_c23 cm.
490 1 _aVerba hispanica ;
_vXV/a
500 _aAnuario del Dpto. de la Lengua y Literatura Españolas, de la Universidad de Ljubljana (Eslovenia)
600 1 4 _aRodríguez Puértolas, Julio.
_998746
710 2 _aUniversidad de Ljubljana.
_9137822
830 0 _aVerba hispanica ;
_vXV/a
_9222759
852 4 _aES-MaACL
_jL-29506
_9R.143206
999 _c168737
_d168737